00454 2200181 4500001002100000005001500021035002000036245005200056100001800108250000600126856004500132260003700177082000800214084001400222990001200236990001200248990001200260INLIS00000000000171720250505091418 a0010-05250000091 aMenyelusuri Tepian Pulau Kaget /cM. Yusiansyah0 aM. Yusiansyah a1 aRuang Baca Umum No Klas 800 ( Rak 3,4,5) aJakarta :bSasmitra Utama,c2000 a800 a800 M. m a00.0234 a00.0235 a00.0236